Nghệ thuật học

Na minha lista:
Detalhes bibliográficos
Autor principal: Đỗ, Văn Khang
Outros Autores: Nguyễn, Trân, Phạm, Thế Hùng, Đỗ, Thị Minh Thảo
Formato: Livro
Publicado em: Hà Nội Đại học quốc gia Hà Nội
Edição:In lần thứ 2
Assuntos:
Tags: Adicionar Tag
Sem tags, seja o primeiro a adicionar uma tag!
Thư viện lưu trữ: Trung tâm Học liệu Lê Vũ Hùng, Trường Đại học Đồng Tháp
LEADER 00900pam a22002538a 4500
001 00039175
005 20171110091107.0
008 170518s ||||||Viesd
041 0 # |a Vie 
082 1 4 |a 790.1  |b NGH250TH 
100 1 # |a Đỗ, Văn Khang 
245 1 0 |a Nghệ thuật học  |c Đỗ Văn Khang....[Và nhiều tác giả] 
250 # # |a In lần thứ 2 
260 # # |a Hà Nội  |b Đại học quốc gia Hà Nội 
300 # # |a 183 tr.  |b 21cm 
653 # # |a Nghệ thuật 
700 1 # |a Nguyễn, Trân 
700 1 # |a Phạm, Thế Hùng 
700 1 # |a Đỗ, Thị Minh Thảo 
852 # # |b Kho mượn  |j KM.0022694, KM.0022268, KM.0021868 
852 # # |b Kho đọc  |j KD.0021946 
852 # # |j KM.0022268  |j KD.0021946  |j KM.0022694  |j KM.0021868 
910 |d 18/05/2017 
980 # # |a Trung tâm Học liệu Lê Vũ Hùng, Trường Đại học Đồng Tháp